Old Flags of Countries #2 - Statistics

General Stats
  • This quiz has been taken 359 times
    141 since last reset
  • The average score is 12 of 16
Answer Stats
Picture Answer % Correct
Denmark
97%
Sweden
96%
South Korea
93%
Peru
91%
Australia
90%
Tunisia
89%
Iran
85%
Colombia
84%
Poland
81%
Costa Rica
80%
Ukraine
66%
Austria
63%
Serbia
59%
Cameroon
56%
Chile
11%
Senegal
11%
No matching quizzes found
Score Distribution
Percent of People with Each Score
Percentile by Number Answered
Your Score History
You have not taken this quiz since the last reset